BIBLIOTHÈQUE DE LA MAISON DU MEXIQUE

Logo 1 Logo 2

Pintura romana (notice nᵒ 9537)

détails MARC
000 -Sello discográfico
campo de control de longitud fija 00920nam a2200361 4500
005 - Identificación de versión
campo de control 20251016085208.0
035 ## - Otros números de control del sistema
Número de control del sistema 9033
099 ## - fechas locales
Tipo de ítem Koha LIBRO
100 ## - Datos de procesamiento general
Datos de procesamiento general 20030805d1969 m y1spay5003 ba
101 1# - Idioma del recurso
Idioma del texto, banda sonora, etc. Español; Castellano
Idioma de la obra original Indeterminado
105 ## - Campo de datos codificados: Material textual, monográfico
Datos codificados de monografía a 001zy
200 1# - Título y mención de responsabilidad
Título propio Pintura romana
Designación general del material texto impreso
Primer mención de responsabilidad Richard Seider
Declaración de responsabilidad subsiguiente traducción Carlos Gerhard
210 ## - Publicación, distribución, etc.
Lugar de publicación, distribución, etc. México
Nombre del editor, distribuidor, etc. Fondo de Cultura Económica
Fecha de publicación, distribución, etc. 1969
215 ## - Descripción física
Designación de material específico y extensión del ítem 80 p
Otras características físicas lám.
Dimensiones 27 cm
318 ## - Nota de acción
Acción No se presta a domicilio
345 ## - Nota de información de adquisición
Fuente de adquisición/dirección de la suscripción [OBSOLETO] Donación
606 ## - Término temático usado como materia
Elemento de entrada Pintura romana
Número Koha 15913
660 ## - Código de área geográfica
Código MX
676 ## - Clasificación Decimal Dewey
Número R759.02 S458r
700 ## - Nombre personal - Responsabilidad primaria
Elemento de entrada Seider
Parte del nombre distinta del elemento de entrada Richard
Número Koha 15914
702 ## - Nombre personal - Responsabilidad secundaria
Elemento de entrada Gerhard
Parte del nombre distinta del elemento de entrada Carlos
Fechas 1899-1976
Número Koha 9574
801 #0 - Fuente de origen
Agencia cm
900 ## -
-- 1/4128
900 ## -
-- 7100315875\050803
942 ## - ELEMENTOS DE ENTRADA SECUNDARIOS (KOHA)
Tipo de ítem Koha Livre

Pas d'exemplaire disponible.